Horizonty podnikateľského prostredia zborník príspevkov z medzinárodného interdisciplinárneho vedeckého kolokvia : 17. december 2012 Bratislava

Salvato in:
Dettagli Bibliografici
Enti autori: Horizonty podnikateľského prostredia. Medzinárodné interdisciplinárne vedecké kolokvium, Fakulta managementu Univerzity Komenského v Bratislave. Katedra ekonómie a financií
Altri autori: Kajanová, Jana, Baran, Dušan, Nováčková, Daniela, Špirko, Dušan, Válková, Katarína, Vodák, Jozef, Zatrochová, Monika
Natura: Libro
Lingua:slovacco
inglese
russo
Pubblicazione: Bratislava Univerzita Komenského v Bratislave 2012
Soggetti:
Tags: Aggiungi Tag
Nessun Tag, puoi essere il primo ad aggiungerne!!

MARC

LEADER 00000nlm a2200000 4500
001 0164608
005 20251027103502.6
020 |a 978-80-223-3347-4 
041 0 |a slo 
041 0 |a eng 
041 0 |a rus 
044 |a SK 
245 1 0 |a Horizonty podnikateľského prostredia  |b zborník príspevkov z medzinárodného interdisciplinárneho vedeckého kolokvia : 17. december 2012 Bratislava  |c redaktor Jana Kajanová 
264 1 |a Bratislava  |b Univerzita Komenského v Bratislave  |c 2012 
300 |a CD-ROM [322 s.] 
610 2 0 |a prostredie podnikateľské 
610 2 0 |a podnikanie 
610 2 0 |a podnik 
610 2 0 |a riadenie 
610 2 0 |a marketing 
700 1 |a Kajanová, Jana 
700 1 |a Baran, Dušan 
700 1 |a Kajanová, Jana 
700 1 |a Nováčková, Daniela 
700 1 |a Špirko, Dušan 
700 1 |a Válková, Katarína 
700 1 |a Vodák, Jozef 
700 1 |a Zatrochová, Monika 
110 2 |a Horizonty podnikateľského prostredia. Medzinárodné interdisciplinárne vedecké kolokvium 
710 2 |a Fakulta managementu Univerzity Komenského v Bratislave. Katedra ekonómie a financií